[Event "Dortmund SuperGM 38th"]
[Site "Dortmund"]
[Date "2010.07.19"]
[Round "5"]
[White "Ponomariov, Ruslan"]
[Black "Mamedyarov, Shakhriyar"]
[Result "1-0"]
[WhiteElo "2734"]
[BlackElo "2761"]
[Annotator "Krasenkow,M"]
[PlyCount "101"]
[EventDate "2010.07.15"]
[EventType "tourn"]
[EventRounds "10"]
[EventCountry "GER"]
[EventCategory "20"]
[SourceTitle "CBM 138"]
[Source "ChessBase"]
[SourceDate "2010.09.17"]
[SourceVersion "1"]
[SourceVersionDate "2010.09.17"]
[SourceQuality "1"]

1. d4 Nf6 2. c4 e6 3. Nc3 Bb4 4. Qc2 O-O 5. a3 Bxc3+ 6. Qxc3 d5 7. Bg5 dxc4 {
A recently popular line, along with some other continuations:} (7... h6) (7...
Nbd7) (7... c6) (7... c5) 8. Qxc4 (8. e3 $6 b5 (8... h6 9. Bxf6 Qxf6 10. Bxc4
c5 11. Nf3 cxd4 12. Qxd4 Qxd4 13. Nxd4 Bd7 14. Ke2 Nc6 $11 {1-0 Doric,D (2464)
-Brulic,D (2348)/Sibenik 2010/CBM 136 Extra (50)}) 9. a4 c6 10. Be2 Bb7 11. Bf3
Qe7 12. Ne2 a6 13. O-O Nbd7 14. e4 h6 15. Bh4 {0-1 Paunovic,T (2355)-Bortnik,A
(2170)/ICC INT 2009/CBM 129 Extra (39)} g5 $1 $17) 8... b6 $1 {[%cal Yc8b7,
Yc8a6] The main idea.} (8... Qd5 9. Qxd5 Nxd5 10. e4 Nf6 11. f3 Nbd7 12. Rc1 c6
13. Bc4 e5 14. Ne2 exd4 15. Nxd4 h6 16. Bh4 Nh7 17. Ke2 $14 {1-0 Feigins,
M-Ichim,T/Munich 1936/EXT 2001 (32)}) 9. Rd1 (9. Nf3 Ba6 (9... Bb7 10. Rc1 $5 (
10. g3 h6 11. Bxf6 Qxf6 12. Bg2 c5 $11 {1/2 Enchev,I (2362)-Georgiev,K (2645)/
Radomir 2009/EXT 2010 (27)})) 10. Qa4 (10. Bxf6 Qxf6 11. Qxc7 Rc8 12. Qe5 Qg6
13. Qg5 Qc2 14. Qd2 Qb3 15. Qb4 Qc2 16. Qd2 Qe4 17. Qe3 Qxe3 18. fxe3 Nd7 $44
19. g3 $6 Nf6 20. Kd1 Bc4 21. Nd2 Bd5 $17 {0-1 Tarnopolsky,A (2312)-Huzman,A 
(2597)/Israel ISR 2010/The Week in Chess 810 (36)}) (10. Qc2 Nbd7 (10... h6 11.
Bh4 (11. Bxf6 Qxf6 12. g3 c5 13. Bg2 Nc6 14. dxc5 bxc5 15. O-O Rac8 $132 {
1/2 Hambleton,A (2131)-Cummings,D (2375)/Toronto CAN 2010/The Week in Chess
819 (33)}) 11... Nbd7 12. e3 Bxf1 13. Kxf1 c5 14. dxc5 Rc8 15. c6 Nb8 16. Rd1
Rxc6 $11 {0-1 Sbarra,M (2256)-Salvador,R (2491)/Milan 2009/CBM 133 Extra (28)})
11. e4 (11. Rd1 Qc8 12. Bxf6 Nxf6 13. e3 Bxf1 14. Rxf1 c5 15. dxc5 Qxc5 16.
Qxc5 bxc5 17. Ne5 Rab8 18. Nc4 Nd5 19. Kd2 Nb6 $11 {1/2 Kelecevic,N (2277)
-Berke,A (2140)/Pula CRO 2010/The Week in Chess 816 (32)}) 11... Bxf1 12. Rxf1
Qc8 13. O-O-O c5 $11 {0-1 Poniaev,R (2256)-Galliamova,A (2487)/Kazan RUS 2010/
The Week in Chess 815 (53)}) 10... c5 11. dxc5 (11. g3 Qd7 12. Qxd7 Nbxd7 $11 {
0-1 Doric,D (2452)-Pap,G (2496)/Chur SUI 2010/The Week in Chess 813 (24)})
11... bxc5 12. Rd1 Qb6 13. Bxf6 gxf6 14. Rd2 Nc6 15. Qg4+ Kh8 16. Qh4 Kg7 17.
Qg4+ Kh8 18. Qh4 Kg7 {1/2 Berkes,F (2663)-Almasi,Z (2685)/Paks 2009/CBM 133})
9... Ba6 10. Qa4 $146 {[%mdl 8]} (10. Qc2 Nbd7 11. e4 Bxf1 (11... Qc8 $143 12.
Bxa6 Qxa6 13. Ne2 c5 14. O-O Rac8 15. Nc3 $14 {0-1 Mkrtchian,L (2477)
-Dzagnidze,N (2478)/Jermuk ARM 2010/The Week in Chess 817 (43)}) 12. Kxf1 Qc8
13. Ne2 (13. Qc6 e5 14. Ne2 exd4 15. Nxd4 Ne5 16. Qc2 Qa6+ 17. Kg1 Rad8 18. f3
c5 19. Nf5 Qc4 $132 {1-0 Mkrtchian,L (2477)-Chiburdanidze,M (2514)/Jermuk ARM
2010/The Week in Chess 817 (36)}) 13... c5 14. f3 cxd4 15. Nxd4 Qxc2 16. Nxc2
Rfc8 {1/2 Iljin,A (2546)-Moiseenko,A (2667)/Dresden GER 2010/The Week in Chess
820}) 10... Qd5 (10... Qd7 11. Qc2 $5 (11. Qxd7 Nbxd7 $11 {[%cal Yc7c5]})) 11.
Bxf6 gxf6 12. Nh3 $5 (12. e3 $5 Bxf1 13. Kxf1 {[%cal Yg1e2,Ye2c3]}) (12. h4 $5
{[%cal Yh1h3] K.Sakaev}) 12... Rd8 13. f3 $5 (13. Nf4 $5) 13... Qc6 14. Qxc6
Nxc6 15. e3 Bb7 16. Rc1 Rac8 17. Bd3 Ne7 18. Ke2 e5 {Black gives up the ...
c7-c5 idea; the c7-pawn now remains weak.} 19. dxe5 fxe5 20. Nf2 $6 (20. b4 {
is more logical.}) 20... Kg7 $6 (20... c5 {was quite possible:} 21. Ng4 Nc6 22.
Rhd1 Kg7 {, and Black should hold his ground.}) 21. b4 $14 {It is amazing to
see how White now outplays his opponent without any obvious mistakes from his
side.} f5 22. Rhd1 h5 23. g3 Kf6 24. Bc4 Rd6 25. f4 exf4 26. exf4 h4 27. Rxd6+
cxd6 {[%mdl 4096]} 28. Kd2 hxg3 29. hxg3 Bd5 {Of course, here, as well as at
other moments, Black has a lot of other possibilities:} (29... d5) (29... a5) (
29... Rh8) {However, he has no sure draw anywhere.} 30. Be2 Rh8 31. Ke3 Be6 $6
(31... Bg2 $142 32. Bf3 Bxf3 33. Kxf3 Nd5) 32. Rh1 Rg8 {The bishop and knight
endgame after the exchange of rooks looks dangerous for Black, so he decides
to concede the h-file.} 33. Rh6+ Ng6 34. Bh5 Bf7 35. Rh7 Nh8 36. Bf3 Kg6 37.
Rh1 Be6 38. Nd1 Nf7 39. Nc3 Kf6 40. Kf2 Rc8 41. Rc1 Nh6 $6 (41... Kg7 $142 {
preventing the following knight manoeuvre.}) 42. Nd5+ $1 Kf7 43. Nc7 $16 {
[%csl Gc7] Finally White's advantage becomes substantial.} Bd7 44. Rc3 Kf8 45.
Ke3 Ng8 46. Bb7 $1 Rb8 47. Bc6 {Interestingly, White avoided the exchange of
bishops on some earlier occasions but now it helps the invasion of his pieces
on the queenside.} Rd8 48. Kd4 Nf6 49. Bxd7 Rxd7 50. Nd5 Nh5 (50... Nxd5 51.
Kxd5 Ke7 52. Rc8 $18 {_|_}) 51. Kc4 {[%cal Yc4b5] Black decides to avoid
further torture and resigns.} (51. Kc4 a6 52. b5 $1 Ra7 (52... a5 53. Nxb6 Rc7+
54. Kd4 Rxc3 55. Kxc3 Ke7 56. Nd5+ Kd7 57. Kb3 $18) 53. Rd3 $1 Kf7 54. bxa6
Rxa6 55. Kb5 $18) 1-0

[Event "EU-ch 12th"]
[Site "Aix les Bains"]
[Date "2011.03.30"]
[Round "8"]
[White "Dreev, Alexey"]
[Black "L'Ami, Erwin"]
[Result "1/2-1/2"]
[WhiteElo "2697"]
[BlackElo "2623"]
[Annotator "Marin,M"]
[PlyCount "86"]
[EventDate "2011.03.22"]
[EventType "swiss"]
[EventRounds "11"]
[EventCountry "FRA"]
[SourceTitle "CBM 142 Extra"]
[Source "ChessBase"]
[SourceDate "2011.06.27"]
[SourceVersion "1"]
[SourceVersionDate "2011.06.27"]
[SourceQuality "1"]

1. d4 Nf6 2. c4 e6 3. Nc3 Bb4 4. Qc2 O-O 5. a3 Bxc3+ 6. Qxc3 d5 7. Bg5 dxc4 8.
Qxc4 b6 9. Rd1 Ba6 10. Qa4 {This is the latest trend. White keeps an eye on
the a6-bishop, preventing (or, as in the game, delaying) ...Nbd7.} (10. Qc2 {
proved less dangerous in several previous games.}) 10... Bb7 $5 $146 (10... Qd5
{failed to equalize:} 11. Bxf6 gxf6 12. Nh3 {Ponomariov,R (2734)-Mamedyarov,S 
(2761)/Dortmund 2010/CBM 138/[Krasenkow] (1-0, 51)}) (10... Qd7 {has been
successfully used by Kramnik, but a later white improvement leaves the
discussion wide open.} 11. Qc2 Qc6 12. Qxc6 Nxc6 13. Bxf6 gxf6 14. Nf3 Bb7 15.
e3 Ne7 16. Be2 $1 {The rook is useful on d1 yet, because it allows meeting ...
c5 with dxc5 followed by Rd7. By speeding up the kingside development, White
enables the manoeuvre Nd2 (when the g2-pawn will be defended by the king).} (
16. Rc1 Rfc8 17. Bd3 c5 18. dxc5 bxc5 19. Ke2 Rab8 20. Rc2 c4 $1 21. Rxc4 Bxf3+
22. Kxf3 Rxc4 23. Bxc4 Rxb2 24. Rc1 f5 $11 {Wang Hao (2724)-Kramnik,V (2780)/
Shanghai 2010/ (1/2, 47)}) 16... Rfc8 17. O-O Kf8 {Preparing ...c5 by
defending the knight in advance, but the extra tempo will prove essential for
White.} 18. Rc1 $1 c5 19. dxc5 bxc5 20. Nd2 $1 Rab8 21. Rc2 f5 22. Rd1 Bc6 23.
b3 Bd5 24. Rc3 {The queenside has been successfully blocked and time has come
to open a new front on the opposite wing.} Ng8 25. f3 Nf6 26. Kf2 Nd7 27. h3
Ke7 28. g4 $16 {Dreev,A (2697)-Movsesian,S (2716)/Olginka 2011 (1-0, 58).
White has the better structure on both wings.}) 11. f3 {An ambitious, but time
consuming plan.} (11. Nf3 $5) 11... Nbd7 12. e4 Qc8 13. Rc1 {Specialists of
the 4.Qc2 system have their own way of judging the priorities of the
development. In many games, they move with their queen a lot (as was the case
here), relying on other factors (space, bishop pair) to compensate for the
delay in development. The text move is aimed to inhibit (or anticipate) the
freeing ...c5, but I would have strongly considered continuing the development
at once.} (13. Nh3 $5 c5 14. Be2 (14. dxc5 Nxc5 15. Qd4 e5 $132 16. Qxe5 $2 Re8
$17 {The queen has no good squares for retreat, in view of the threatened ...
Nfxe4 or ...Bxe4, with a devastating attack. White probably has to give up the
queen, without any real compensation.} 17. Bxf6 $8) 14... h6 15. Bh4 cxd4 16.
Qxd4 Qc2 17. Nf2 Rfc8 18. Bb5 Bc6 19. Ba6 $14) 13... c5 14. b4 Bc6 15. Qc2 Qb7
{Self-trapping the bishop, but also preparing a promising sacrifice on e4.} 16.
Bd3 (16. b5 Bxe4 17. fxe4 cxd4 18. Nf3 Rac8 19. Bc4 Nxe4 $44) 16... h6 $6 {
If L'Ami had prepared this line at home, he may have forgotten which is the
right moment for playing this move. In this concrete situation, it just helps
White to improve the position of his bishop.} (16... Rac8 $5 17. b5 (17. dxc5
bxc5 18. bxc5 {is completely ineffective now because of} Rfd8 $36 {with the
threat of ...Nxc5 or, even stronger, ...Ne5. In the game, this latter will not
be available.}) 17... Bxe4 18. Bxe4 Nxe4 19. Qxe4 Qxe4+ 20. fxe4 cxd4 $44 {
If compared to the game, Black will not have ...e5 with gain of tempo at his
disposal, but his position may remain viable all-the-same.}) 17. Bf4 $1 {
[%csl Gb8,Gd6,Ge5]} Rac8 18. b5 $6 (18. dxc5 $1 bxc5 19. bxc5 {would have left
Black with problems justifying his previous play.} Rfd8 20. Rb1 (20. Bd6 Bb5
21. Bxb5 Qxb5 22. c6 Nb6 $11) (20. Qb1 Qxb1 21. Bxb1 Ba4 22. Be3 Nxc5 $1 $11 {
[%csl Gb1][%cal Gd8d1]}) 20... Qa8 21. Ba6 {[%csl Gc8]} Nxe4 {What else?} 22.
Bxc8 Rxc8 23. Ne2 $1 (23. fxe4 $2 Bxe4 24. Qb2 Bxg2 $19) 23... Nexc5 24. O-O
$14) 18... Bxe4 $1 {An optimal form of carrying out the sacrifice.} 19. Bxe4 {
White has to play a series of only moves in order to avoid major troubles.} (
19. fxe4 cxd4 20. Qb1 e5 21. Rxc8 Rxc8 22. Bg3 (22. Bd2 Nc5 $17) 22... Rc3 $17)
19... Nxe4 20. Qxe4 (20. fxe4 cxd4 21. Qe2 e5 22. Rxc8 Rxc8 23. Bd2 Nc5 $17)
20... Qxe4+ 21. fxe4 cxd4 22. Rc6 (22. Rxc8 Rxc8 23. Nf3 e5 24. Bd2 $8 {
[%csl Gc1]} Rc5 $44) 22... e5 23. Bd2 Rxc6 24. bxc6 Nc5 25. Bb4 Rc8 26. Bxc5
bxc5 27. Nf3 f6 28. Nd2 c4 $1 (28... Rxc6 29. Nc4 Ra6 $6 30. Kd2 $14) 29. Nxc4
Rxc6 30. Nb2 Rc1+ 31. Nd1 Ra1 32. O-O Rxa3 33. Nb2 Re3 34. Ra1 Rxe4 35. Kf2 {
Aiming for stability.} (35. Rxa7 Re2 36. Nd3 e4 $36) 35... Re3 36. Nc4 Rc3 37.
Nd6 Rc6 38. Nf5 Rc7 39. g4 {Despite his material advantage, Black cannot make
progress easily. The kingside blockade is quite strong and moving any pawn may
even put Black in some danger.} Kf7 40. Kf3 Kg6 41. Ng3 Rc3+ 42. Kf2 Rc2+ 43.
Kf3 Rc3+ 1/2-1/2